載入...

Satellite Meteorology

書目詳細資料
主要作者: Kelkar ,R.R
格式: Printed Book
語言:Undetermined
出版: Hyderabad BS Publications 2007
主題:
LEADER 00716nam a2200169Ia 4500
008 140316s9999 xx 000 0 und d
020 |a 8178001373 
082 |a 551.6354  |b KEL/SA 
100 |a Kelkar ,R.R. 
245 |a Satellite Meteorology 
260 |a Hyderabad  |b BS Publications  |c 2007 
300 |a 245 
650 |a meteorological remote sensing 
942 |2 ddc  |c BK 
999 |c 15591  |d 15591 
952 |0 0  |1 0  |2 ddc  |4 0  |6 551_635400000000000_KELSA  |7 0  |9 16916  |a KAUCLV  |b KAUCLV  |c GENERAL  |d 2014-03-18  |l 3  |o 551.6354 KEL/SA  |p 900091  |r 2015-01-22  |s 2014-12-30  |w 2014-03-18  |y BK 
952 |0 0  |1 0  |2 ddc  |4 0  |6 551_635400000000000_KELSA  |7 0  |9 16917  |a KAUCLV  |b KAUCLV  |c GENERAL  |d 2014-03-18  |l 8  |o 551.6354 KEL/SA  |p 900092  |r 2019-02-11  |s 2019-02-08  |w 2014-03-18  |y BK